• 首页
  • 本馆介绍
  • 公告通知
  • 最新文献
  • 馆藏检索
  • 电子资源
  • 读者导购
  • 参考咨询
  • 我的图书馆
  • 登录
  • 详细信息显示
  • 放入我的书架
  • 预约/预借图书
  • 作者相关作品
  • 分类相关作品
  • 丛书相关作品
  • 出版社相关作品

书目信息

  • 表格格式
  • 工作单格式
  • 卡片格式
题名:
硫化铜镍矿与镁硅酸盐矿物分离理论及实践
    
 
作者: 冯博 著
分册:  
出版信息: 北京   冶金工业出版社  2019
页数: 177页
开本: 24cm
丛书名:
单 册:
中图分类: P578 , TQ172.71
科图分类:
主题词: 硫化铜--liu hua tong--镍矿物--分离 , 硅酸盐矿物--gui suan yan kuang wu--分离
电子资源:
ISBN: 978-7-5024-8145-2
000 01069nam0 2200277 450
001 012001003661
005 20131105095709.0
010    @a978-7-5024-8145-2@dCNY66.00
099    @aCAL 012019145546
100    @a20190918d2019 em y0chiy50 ea
101 0  @achi
102    @aCN@b110000
105    @aak a 000yy
106    @ar
200 1  @a硫化铜镍矿与镁硅酸盐矿物分离理论及实践@Aliu hua tong nie kuang yu mei gui suan yan kuang wu fen li li lun ji shi jian@f冯博著
210    @a北京@c冶金工业出版社@d2019
215    @a177页@c图@d24cm
320    @a有书目 (第171-177页)
330    @a本书系统地阐述了硫化铜镍矿与镁硅酸盐矿物的分离理论及实践, 内容涉及硫化铜镍矿的资源特点、选矿任务, 含蛇纹石、滑石、绿泥石等镁硅酸盐矿物的硫化铜镍矿的选矿技术及实践, 以及硫化铜镍矿物与多种镁硅酸盐矿物浮选分离技术及实践等。
606 0  @a硫化铜@Aliu hua tong@x镍矿物@x分离
606 0  @a硅酸盐矿物@Agui suan yan kuang wu@x分离
690    @aP578@v5
690    @aTQ172.71@v5
701  0 @a冯博@Afeng bo@4著
801  0 @aCN@b上海新华@c20191020
905    @b1206169-72@dP578@e149@f4
    
    硫化铜镍矿与镁硅酸盐矿物分离理论及实践/冯博著.-北京:冶金工业出版社,2019
    177页:图;24cm
    
    
    ISBN 978-7-5024-8145-2:CNY66.00
    本书系统地阐述了硫化铜镍矿与镁硅酸盐矿物的分离理论及实践, 内容涉及硫化铜镍矿的资源特点、选矿任务, 含蛇纹石、滑石、绿泥石等镁硅酸盐矿物的硫化铜镍矿的选矿技术及实践, 以及硫化铜镍矿物与多种镁硅酸盐矿物浮选分离技术及实践等。
●
相关链接 在E读中查询图书 在五车中查询图书 在当当中查询图书 在豆瓣中查询图书


正题名:硫化铜镍矿与镁硅酸盐矿物分离理论及实践     索取号:P578/149         预约/预借

序号 登录号 条形码 馆藏地/架位号 状态 备注
1 1206169   212061695   第二样本阅览室/ [索取号:P578/149] 在馆    
2 1206170   212061702   第三借阅区/ [索取号:P578/149] 在馆    
3 1206171   212061711   第三借阅区/ [索取号:P578/149] 在馆    
4 1206172   212061720   第三借阅区/ [索取号:P578/149] 在馆    
唐山师范学院图书馆 欢迎您!
大连网信软件有限公司© 版权所有